000
00171nam a2200097Ia 4500
100
_a
#N/A
942
_c
BK
245
_a
Digital design
260
_b
#N/A
546
_a
ENGLISH
999
_c
19864
_d
19864